Объявление Сочинского районного исполнительного комитета и Сочинского районного военного комиссариата № 1, 19 авг. 1924 г., г. Сочи: [О проведении переучета лошадей, повозок и упряжи с 1 по 22 сент. 1924 г. (Запись № 11357220)

Подробности
000 -МАРКЕР
контрольное поле 03491nam0a2200481 4500
001 - ИДЕНТИФИКАТОР ЗАПИСИ
контрольное поле RU\NLR\BIBL_A\011694661
005 - ИДЕНТИФИКАТОР ВЕРСИИ
контрольное поле 20260409064235.0
020 ## - НОМЕР ДОКУМЕНТА В НАЦИОНАЛЬНОЙ БИБЛИОГРАФИИ
Код страны Российская Федерация
Номер 13565
Основное заглавие издания Российской книжной палаты Сводный каталог листовок первых лет Советской власти (25 октября (7 ноября) 1917 - 1925) Т.5. Листовки советских, партийных, профсоюзных, комсомольских и других организаций краев РСФСР. Ч.1
035 ## - ДРУГИЕ СИСТЕМНЫЕ НОМЕРА
Идентификатор записи (NLR Aleph) 011694661
100 ## - ДАННЫЕ ОБЩЕЙ ОБРАБОТКИ
Данные общей обработки 20180418d1924 |||y0rusy50 ca
101 0# - ЯЗЫК РЕСУРСА
Язык текста, звукозаписи и т.д. русский
102 ## - СТРАНА ПУБЛИКАЦИИ ИЛИ ПРОИЗВОДСТВА
Страна публикации Российская Федерация
105 ## - ПОЛЕ КОДИРОВАННЫХ ДАННЫХ: ТЕКСТОВЫЕ МАТЕРИАЛЫ, МОНОГРАФИЧЕСКИЕ
Кодированные данные о монографическом текстовом документе y z 000zy
135 ## - ПОЛЕ КОДИРОВАННЫХ ДАННЫХ: ЭЛЕКТРОННЫЕ РЕСУРСЫ
Кодированные данные для электронного ресурса crcn 024apada
200 1# - ЗАГЛАВИЕ И СВЕДЕНИЯ ОБ ОТВЕТСТВЕННОСТИ
Основное заглавие Объявление Сочинского районного исполнительного комитета и Сочинского районного военного комиссариата № 1, 19 авг. 1924 г., г. Сочи: [О проведении переучета лошадей, повозок и упряжи с 1 по 22 сент. 1924 г.
Сведения, относящиеся к заглавию листовка
Первые сведения об ответственности Сочинский район. исполнительный комитет Советов]
210 ## - ПУБЛИКАЦИЯ, РАСПРОСТРАНЕНИЕ И ДР.
Место издания, распространения и т.д. Сочи
Имя издателя, распространителя и т. д. Тип. Сочрайисполкома
Дата издания, распространения и т.д. [1924, авг.]
215 ## - ФИЗИЧЕСКАЯ ХАРАКТЕРИСТИКА
Специфическое обозначение материала и объем 1 с.
Размеры 44х20
300 ## - ОБЩИЕ ПРИМЕЧАНИЯ
Текст примечания Подписи: зам. председателя Сочрайисполкома Васильев; сочинский районный военный комиссар Винтерштейн; начмоботделения В. Меренов
325 1# - ПРИМЕЧАНИЕ О КОПИИ
Текст примечания Копия доступна в Электронной библиотеке РНБ
517 1# - ДРУГИЕ ВАРИАНТЫ ЗАГЛАВИЯ
Вариант заглавия О проведении переучета лошадей, повозок и упряжи с 1 по 22 сент. 1924 г.
607 ## - ГЕОГРАФИЧЕСКОЕ НАИМЕНОВАНИЕ КАК ПРЕДМЕТ
Географическое наименование РСФСР
Формальный подзаголовок Листовки
Тематический подзаголовок Политика и управление
Географический подзаголовок 1917 - 1925
Системный номер авторитетной/нормативной записи 2312782
Идентификатор авторитетной/нормативной записи RU\NLR\auth\6601609564
686 0# - ИНДЕКСЫ ДРУГИХ КЛАССИФИКАЦИЙ
Индекс Т3(2)71-313,011
686 0# - ИНДЕКСЫ ДРУГИХ КЛАССИФИКАЦИЙ
Индекс Т3(2Р-4Кр)713-2,011
702 #1 - ИМЯ ЛИЦА - ВТОРИЧНАЯ ОТВЕТСТВЕННОСТЬ
Код отношения Подписавшее лицо
Графика поля Кириллица
Материалы, к которым относится поле rus
Начальный элемент ввода Васильев
Дополнения к именам, кроме дат участник установления советской власти, зам. предрайисполкома, Сочинский р-н
Системный номер авторитетной/нормативной записи 210508
Идентификатор авторитетной/нормативной записи RU\NLR\AUTH\770210562
702 #1 - ИМЯ ЛИЦА - ВТОРИЧНАЯ ОТВЕТСТВЕННОСТЬ
Начальный элемент ввода Винтерштейн
Дополнения к именам, кроме дат участник установления советской власти, Сочинский р-н
Код отношения Подписавшее лицо
702 #1 - ИМЯ ЛИЦА - ВТОРИЧНАЯ ОТВЕТСТВЕННОСТЬ
Начальный элемент ввода Меренов
Часть имени, кроме начального элемента ввода В.
Дополнения к именам, кроме дат участник установления советской власти, Сочинский р-н
Код отношения Подписавшее лицо
710 02 - НАИМЕНОВАНИЕ ОРГАНИЗАЦИИ - ПЕРВИЧНАЯ ОТВЕТСТВЕННОСТЬ
Начальный элемент ввода Сочинский районный исполнительный комитет Советов
Идентификатор авторитетной/нормативной записи RU\NLR\AUTH\880397245
Системный номер авторитетной/нормативной записи 461117
711 02 - НАИМЕНОВАНИЕ ОРГАНИЗАЦИИ - АЛЬТЕРНАТИВНАЯ ОТВЕТСТВЕННОСТЬ
Начальный элемент ввода Сочинский районный комиссариат по военным делам
Системный номер авторитетной/нормативной записи 620333
Идентификатор авторитетной/нормативной записи RU\NLR\AUTH\880479793
852 00 - МЕСТОНАХОЖДЕНИЕ И ШИФР ХРАНЕНИЯ
Идентификатор организации NLR
Наименование фонда или коллекции (Sub-Location Identifier) ФЛ
Шифр хранения (Call Number) 38/439
856 #0 - МЕСТОНАХОЖДЕНИЕ ЭЛЕКТРОННЫХ РЕСУРОВ И ДОСТУП К НИМ
Универсальный идентификатор ресурса (Uniform Resource Identifier) https://vivaldi.nlr.ru/ll700000638/view
856 #1 - МЕСТОНАХОЖДЕНИЕ ЭЛЕКТРОННЫХ РЕСУРОВ И ДОСТУП К НИМ
Универсальный идентификатор ресурса (Uniform Resource Identifier) https://vivaldi.nlr.ru/ll700000638/cover
856 #2 - МЕСТОНАХОЖДЕНИЕ ЭЛЕКТРОННЫХ РЕСУРОВ И ДОСТУП К НИМ
Универсальный идентификатор ресурса (Uniform Resource Identifier) https://vivaldi.nlr.ru/ll700000638/text
942 ## - ДОПОЛНИТЕЛЬНЫЕ ЭЛЕМЕНТЫ ЗАПИСИ (АБИС)
Тип экземпляра АБИС Книга
980 ## - КОЛЛЕКЦИЯ
Название коллекции Национальная библиография
981 22 - КОЛЛЕКЦИЯ ЭЛЕКТРОННОЙ БИБЛИОТЕКИ
Название коллекции Материалы по истории России
Название подколлекции 3. История России с 25 октября (7 ноября) 1917 года
981 21 - КОЛЛЕКЦИЯ ЭЛЕКТРОННОЙ БИБЛИОТЕКИ
Название коллекции Листовки
Название подколлекции

Нет доступных экземпляров.